| 000 | 00655nam a22002175a 4500 | ||
|---|---|---|---|
| 001 | 002732 | ||
| 003 | armpunfd | ||
| 005 | 20140612090714.0 | ||
| 008 | 140505s1999####xx############000#0#und#d | ||
| 020 | _a9879672275 | ||
| 040 |
_aarmpunfd _carmpunfd |
||
| 080 | _a342.4 (82) T 516 | ||
| 100 | 1 |
_aTirigall Caste Ricardo, _d1999. |
|
| 245 | 1 | 0 |
_aLas reformas a la constitucion argentina ( 1860; 1866; 1898; 1949; 1957; 1994) / _cTirigall Caste, Ricardo. |
| 260 |
_aMar del Plata : _bClub del Libro, _c1999. |
||
| 300 | _a294 p. | ||
| 650 | 7 |
_aConstitucion Argentina _2LEMB |
|
| 650 | 7 |
_aReformas _2LEMB |
|
| 942 |
_c _2cdu |
||
| 945 |
_aCELESTE _d2014-05-05 |
||
| 999 |
_c2620 _d233124 |
||